Представление документа в формате MARC21

ПолеНазваниеЗначение
  Тип записи a
  Библиографический уровень m
001 Контрольный номер RU\infra-m\znanium\bibl\2222228
005 Дата корректировки 20260429142327.1
008 Кодируемые данные 260123s2026 RU g rus u
020 Индекс ISBN __
a ISBN 978-5-16-010234-4
020 Индекс ISBN __
a ISBN 978-5-16-102120-0 (электр. издание)
040 Источник каталогиз. __
a Служба первич. каталог. Общество с ограниченной ответственностью «ЗНАНИУМ»
041 Код языка издания __
a Код языка текста rus
044 Код страны публикации __
a Код страны публикации RU
080 Индекс УДК __
a Индекс УДК 536.7
084 Индекс другой классификации/Индекс ББК __
2 Источник индекса rubbk
a Индекс другой классификации/Индекс ББК 22.317
084 Индекс другой классификации/Индекс ББК __
2 Источник индекса okso
a Индекс другой классификации/Индекс ББК 03.03.01
084 Индекс другой классификации/Индекс ББК __
2 Источник индекса okso
a Индекс другой классификации/Индекс ББК 03.04.01
100 Автор __
a Автор Браун А.Г.
q Полное имя Браун Александр Георгиевич
u Дополнение Московский авиационный институт (национальный исследовательский университет)
245 Заглавие __
a Заглавие Основы статистической физики
b Продолж. заглавия Учебное пособие
c Ответственность Московский авиационный институт (национальный исследовательский университет)
250 Сведения об издании __
a Основные сведения об издании 3
260 Выходные данные __
a Место издания Москва
b Издательство ООО "Научно-издательский центр ИНФРА-М"
c Дата издания 2026
300 Физическое описание __
a Объем 120 с.
440 Серия __
a Серия Высшее образование: Бакалавриат
520 Аннотация __
a Аннотация В учебном пособии рассмотрены основные вопросы курса статистической физики для студентов технических специальностей: статистические распределения (классическая статистика обычного газа и квантовая статистика электронов в металле). Приведены задачи с подробными решениями на соответствующий материал каждого раздела. Даны задачи для самостоятельного решения. Приведены контрольные тесты по всем разделам курса с ответами. Учебное пособие предназначено для студентов высших учебных заведений обучающихся по техническим направлениям подготовки и специальностям.
521 Примеч. о цел. назн. __
a Примеч. о целев. назн. ВО - Бакалавриат
650 Тематические рубрики __
a Основная рубрика Физико-математические науки
x Основная подрубрика Теоретическая физика
655 Указ. предметных рубрик (устаревшее) __
a Жанр/ форма (устаревшее) Учебное пособие
700 Другие авторы __
a Другие авторы Левитина И.Г.
q Полное имя Левитина Изабелла Григорьевна
u Дополнение Московский авиационный институт (национальный исследовательский университет)
856 Электронный адрес документа 4_
a Имя сервера/домена znanium.ru
m Помощь ebs_support@infra-m.ru
n Местонахождение сервера НИЦ ИНФРА-М
u URL https://znanium.ru/catalog/document?id=477088
856 Электронный адрес документа 48
a Имя сервера/домена znanium.ru
d Путь /cover/2222
f Электронное имя 2222228.jpg
q Тип электронного формата image/jpeg
u URL https://znanium.ru/cover/2222/2222228.jpg
911 __
u 0030=https://znanium.ru/catalog/document?id=477088